| 000 | nam a22 7a 4500 | ||
|---|---|---|---|
| 999 |
_c219437 _d219437 |
||
| 003 | Nust | ||
| 005 | 20170208104750.0 | ||
| 008 | 170208b xxu||||| |||| 00| 0 eng d | ||
| 040 | _c0 | ||
| 050 | _a628 PAR | ||
| 082 | _a628 PAR | ||
| 100 | _aParacha,Ahsan Imtiaz | ||
| 245 |
_aWaste Management Of Marble Industry _cAhsan Imtiaz Paracha |
||
| 260 |
_aRawalpindi _bIESE (SCEE) NUST _c2005. |
||
| 300 |
_a56 p. _bHB. |
||
| 440 | _aMS Environmental Engineering | ||
| 500 | _aThesis MS EE | ||
| 650 | _aEnvironmental Engineering | ||
| 700 | _4Dr. Zahiruddin Khan (Supervisor) | ||
| 942 |
_2ddc _cTHE _kIESE |
||